| 000 | 00573nam a2200181Ia 4500 | ||
|---|---|---|---|
| 003 | GCL | ||
| 008 | 140319s9999 xx 000 0 ara d | ||
| 040 |
_aGCL / _cGCL |
||
| 082 | 0 | 4 |
_a361 _bا ب |
| 100 | 1 | _aاحمد مصطفى خاطر | |
| 245 | 1 | 0 |
_aبناء النظرية الاجتماعية (مدخل نظرى وواقعى) / _cاحمد مصطفى خاطر |
| 700 | 1 | _aعدلى على طاحون | |
| 300 | _a252 ص | ||
| 490 |
_a100 قصة _v0 |
||
| 650 | 0 | 4 | _aالخدمة الاجتماعية |
| 650 | 0 | 4 | _aالرعاية الاجتماعية |
| 942 |
_2ddc _cBK |
||
| 999 |
_c43527 _d43527 |
||